[Event "Blitz 2018"]
[Site "Saint-Petersburg"]
[Date "2018.12.29"]
[Round "4"]
[Board "27"]
[White "Korobov Anton (UKR)"]
[Black "Demidov Mikhail (RUS)"]
[Result "1-0"]
[LiveChessVersion "1.4.8"]
[BlackElo "2546"]
[WhiteElo "2677"]

1. d4 {[%clk 0:03:02]} e6 {[%clk 0:03:03]} 2. c4 {[%clk 0:03:02]} Bb4+
{[%clk 0:03:04]} 3. Nc3 {[%clk 0:03:01]} Bxc3+ {[%clk 0:03:05]} 4. bxc3
{[%clk 0:03:01]} d6 {[%clk 0:03:07]} 5. e4 {[%clk 0:03:01]} e5 {[%clk 0:03:08]}
6. Nf3 {[%clk 0:02:56]} Qe7 {[%clk 0:03:10]} 7. Bd3 {[%clk 0:02:48]} Nf6
{[%clk 0:03:11]} 8. c5 {[%clk 0:02:37]} O-O {[%clk 0:03:10]} 9. cxd6
{[%clk 0:02:37]} cxd6 {[%clk 0:03:11]} 10. O-O {[%clk 0:02:32]} Qc7
{[%clk 0:02:54]} 11. Bb2 {[%clk 0:02:27]} Nc6 {[%clk 0:02:50]} 12. Nd2
{[%clk 0:02:25]} d5 {[%clk 0:02:30]} 13. Re1 {[%clk 0:02:21]} Be6
{[%clk 0:01:42]} 14. Qb1 {[%clk 0:01:49]} Rad8 {[%clk 0:01:11]} 15. exd5
{[%clk 0:01:44]} Rxd5 {[%clk 0:01:13]} 16. Ne4 {[%clk 0:01:29]} exd4
{[%clk 0:00:57]} 17. Nxf6+ gxf6 18. cxd4 {[%clk 0:01:24]} Qf4 {[%clk 0:00:39]}
19. Bxh7+ {[%clk 0:01:17]} Kg7 {[%clk 0:00:29]} 20. Be4 {[%clk 0:01:16]} Bf5
{[%clk 0:00:12]} 21. g3 {[%clk 0:00:56]} Qg4 {[%clk 0:00:08]} 22. Qd1
{[%clk 0:00:34]} Qxd1 {[%clk 0:00:07]} 23. Raxd1 {[%clk 0:00:35]} Bxe4
{[%clk 0:00:08]} 24. Rxe4 {[%clk 0:00:36]} f5 {[%clk 0:00:05]} 25. Re3
{[%clk 0:00:34]} Rfd8 {[%clk 0:00:07]} 26. Kg2 {[%clk 0:00:32]} Kg6
{[%clk 0:00:08]} 27. h4 {[%clk 0:00:32]} f4 {[%clk 0:00:06]} 28. gxf4
{[%clk 0:00:29]} Rh8 {[%clk 0:00:06]} 29. Rg3+ {[%clk 0:00:25]} Kf6
{[%clk 0:00:04]} 30. Rg5 {[%clk 0:00:24]} Ne7 {[%clk 0:00:04]} 31. Re1
{[%clk 0:00:23]} Nf5 {[%clk 0:00:04]} 32. Re5 {[%clk 0:00:20]} Nxh4+
{[%clk 0:00:05]} 33. Kg3 {[%clk 0:00:20]} Rxe5 {[%clk 0:00:06]} 34. dxe5+
{[%clk 0:00:20]} Ke6 {[%clk 0:00:07]} 35. Kg4 {[%clk 0:00:20]} b5
{[%clk 0:00:04]} 36. f5+ {[%clk 0:00:20]} Kd5 {[%clk 0:00:05]} 37. e6
{[%clk 0:00:21]} 1-0

[Event "Blitz 2018"]
[Site "Saint-Petersburg"]
[Date "2018.12.29"]
[Round "4"]
[Board "28"]
[White "Adly Ahmed (EGY)"]
[Black "Potapov Pavel (RUS)"]
[Result "1-0"]
[LiveChessVersion "1.4.8"]
[BlackElo "2542"]
[WhiteElo "2675"]

1. Nf3 {[%clk 0:03:02]} f5 {[%clk 0:03:03]} 2. d4 {[%clk 0:03:01]} Nf6
{[%clk 0:03:04]} 3. c4 {[%clk 0:03:03]} g6 {[%clk 0:03:05]} 4. Nc3
{[%clk 0:02:59]} Bg7 {[%clk 0:03:05]} 5. Qc2 {[%clk 0:02:59]} d6 {[%clk 0:03:03]}
6. Bg5 {[%clk 0:02:55]} O-O {[%clk 0:03:02]} 7. h4 {[%clk 0:02:55]} Nc6
{[%clk 0:02:57]} 8. d5 {[%clk 0:02:48]} Ne5 {[%clk 0:02:56]} 9. Nxe5
{[%clk 0:02:37]} dxe5 {[%clk 0:02:57]} 10. e4 {[%clk 0:02:30]} h6
{[%clk 0:02:40]} 11. Bxf6 {[%clk 0:02:30]} exf6 {[%clk 0:02:41]} 12. h5
{[%clk 0:02:22]} fxe4 {[%clk 0:02:42]} 13. hxg6 {[%clk 0:02:02]} f5
{[%clk 0:02:42]} 14. g4 {[%clk 0:01:42]} e3 {[%clk 0:02:36]} 15. fxe3
{[%clk 0:01:40]} Qg5 {[%clk 0:02:36]} 16. O-O-O {[%clk 0:01:35]} Qxe3+
{[%clk 0:02:30]} 17. Kb1 {[%clk 0:01:36]} fxg4 {[%clk 0:02:29]} 18. Bd3
{[%clk 0:01:34]} g3 {[%clk 0:02:20]} 19. Ne4 {[%clk 0:01:24]} Bf5
{[%clk 0:02:07]} 20. Rde1 {[%clk 0:01:25]} Qd4 {[%clk 0:01:59]} 21. Nf6+
{[%clk 0:01:16]} Rxf6 {[%clk 0:01:54]} 22. Bxf5 {[%clk 0:01:17]} Raf8
{[%clk 0:01:41]} 23. Be6+ {[%clk 0:01:11]} Kh8 {[%clk 0:01:41]} 24. Bf7
{[%clk 0:01:05]} Rf2 {[%clk 0:01:31]} 25. Rxh6+ {[%clk 0:00:55]} Bxh6
{[%clk 0:01:28]} 26. g7+ {[%clk 0:00:56]} Bxg7 {[%clk 0:00:22]} 27. Rh1+
{[%clk 0:00:56]} 1-0

[Event "Blitz 2018"]
[Site "Saint-Petersburg"]
[Date "2018.12.29"]
[Round "4"]
[Board "29"]
[White "Goganov Aleksey (RUS)"]
[Black "Alekseenko Kirill (RUS)"]
[Result "0-1"]
[LiveChessVersion "1.4.8"]
[BlackElo "2665"]
[WhiteElo "2539"]

1. d4 {[%clk 0:03:03]} d5 {[%clk 0:03:03]} 2. c4 {[%clk 0:03:04]} dxc4
{[%clk 0:03:04]} 3. e3 {[%clk 0:03:05]} e5 {[%clk 0:03:05]} 4. Bxc4
{[%clk 0:03:06]} Nc6 {[%clk 0:03:06]} 5. Nf3 {[%clk 0:02:56]} e4 {[%clk 0:03:07]}
6. Nfd2 {[%clk 0:02:54]} Qg5 {[%clk 0:03:07]} 7. Qb3 {[%clk 0:02:29]} Qxg2
{[%clk 0:02:37]} 8. Bxf7+ {[%clk 0:02:11]} Kd8 {[%clk 0:02:37]} 9. Qd5+
{[%clk 0:02:05]} Ke7 {[%clk 0:02:05]} 10. Bxg8 {[%clk 0:01:36]} Qxh1+
{[%clk 0:02:03]} 11. Nf1 {[%clk 0:01:37]} Bh3 {[%clk 0:01:25]} 12. Qf7+
{[%clk 0:01:29]} Kd8 {[%clk 0:01:27]} 13. Qxf8+ {[%clk 0:01:27]} Kd7
{[%clk 0:01:28]} 14. Qxg7+ {[%clk 0:01:26]} Ne7 {[%clk 0:01:27]} 15. Bc4
{[%clk 0:01:16]} Rhg8 {[%clk 0:01:16]} 16. Qh6 {[%clk 0:01:11]} Qg2
{[%clk 0:00:47]} 17. Nbd2 {[%clk 0:00:50]} Rg6 {[%clk 0:00:48]} 18. Qxh7
{[%clk 0:00:43]} Rf8 {[%clk 0:00:48]} 19. Nxe4 {[%clk 0:00:41]} b6
{[%clk 0:00:30]} 20. Bd2 {[%clk 0:00:34]} Bf5 {[%clk 0:00:31]} 21. Bb5+
{[%clk 0:00:29]} c6 {[%clk 0:00:31]} 22. Bxc6+ {[%clk 0:00:29]} Rxc6
{[%clk 0:00:31]} 0-1

[Event "Blitz 2018"]
[Site "Saint-Petersburg"]
[Date "2018.12.29"]
[Round "4"]
[Board "30"]
[White "Amin Bassem (EGY)"]
[Black "Kevlishvili Robby (NED)"]
[Result "0-1"]
[LiveChessVersion "1.4.8"]
[BlackElo "2530"]
[WhiteElo "2659"]

1. Nf3 {[%clk 0:03:01]} d5 {[%clk 0:03:02]} 2. g3 {[%clk 0:03:02]} g6
{[%clk 0:02:59]} 3. Bg2 {[%clk 0:03:02]} Bg7 {[%clk 0:02:59]} 4. O-O
{[%clk 0:03:01]} Nf6 {[%clk 0:02:58]} 5. d3 {[%clk 0:03:02]} O-O {[%clk 0:02:58]}
6. Nbd2 {[%clk 0:03:01]} c5 {[%clk 0:02:54]} 7. e4 {[%clk 0:03:02]} Nc6
{[%clk 0:02:55]} 8. c3 {[%clk 0:03:02]} e6 {[%clk 0:02:52]} 9. Re1
{[%clk 0:03:00]} b6 {[%clk 0:02:52]} 10. e5 {[%clk 0:03:00]} Nd7 {[%clk 0:02:51]}
11. d4 {[%clk 0:03:00]} b5 {[%clk 0:02:49]} 12. Nf1 {[%clk 0:02:54]} b4
{[%clk 0:02:49]} 13. h4 {[%clk 0:02:47]} bxc3 {[%clk 0:02:30]} 14. bxc3
{[%clk 0:02:47]} cxd4 {[%clk 0:02:30]} 15. cxd4 {[%clk 0:02:48]} f6
{[%clk 0:02:30]} 16. Bf4 {[%clk 0:02:33]} fxe5 {[%clk 0:02:23]} 17. dxe5
{[%clk 0:02:30]} Nb6 {[%clk 0:01:48]} 18. Ne3 {[%clk 0:02:23]} Bd7
{[%clk 0:01:42]} 19. Ng4 {[%clk 0:02:18]} Rxf4 {[%clk 0:01:32]} 20. gxf4
{[%clk 0:02:18]} Qf8 {[%clk 0:01:34]} 21. Qd2 {[%clk 0:01:46]} Nc4
{[%clk 0:01:34]} 22. Qc1 {[%clk 0:01:47]} Rc8 23. a4 Nb4 {[%clk 0:00:40]} 24. Qb1
{[%clk 0:01:34]} a5 {[%clk 0:00:34]} 25. f5 {[%clk 0:01:34]} gxf5
{[%clk 0:00:35]} 26. Nf6+ {[%clk 0:01:17]} Bxf6 {[%clk 0:00:35]} 27. exf6
{[%clk 0:01:18]} Qxf6 28. Ra2 {[%clk 0:01:17]} Nxa2 {[%clk 0:00:36]} 29. Qxa2
{[%clk 0:01:18]} Qb2 {[%clk 0:00:33]} 30. Qxb2 {[%clk 0:01:11]} Nxb2
{[%clk 0:00:34]} 31. Ng5 {[%clk 0:01:08]} Nd3 {[%clk 0:00:29]} 32. Re3
{[%clk 0:01:00]} Nf4 {[%clk 0:00:28]} 33. Kh2 {[%clk 0:00:46]} h6
{[%clk 0:00:28]} 34. Nf3 {[%clk 0:00:47]} Bxa4 {[%clk 0:00:26]} 35. Ra3
{[%clk 0:00:41]} Bc2 {[%clk 0:00:19]} 36. Nd4 a4 37. Bf1 {[%clk 0:00:29]} e5
{[%clk 0:00:19]} 38. Nf3 {[%clk 0:00:29]} e4 {[%clk 0:00:18]} 39. Nd4
{[%clk 0:00:30]} Bd3 {[%clk 0:00:19]} 40. Bxd3 {[%clk 0:00:24]} exd3
{[%clk 0:00:20]} 41. Nxf5 {[%clk 0:00:24]} d2 {[%clk 0:00:18]} 42. Ne3
{[%clk 0:00:09]} d4 {[%clk 0:00:19]} 43. Nd1 {[%clk 0:00:09]} Rc1
{[%clk 0:00:20]} 44. Rxa4 {[%clk 0:00:04]} Rxd1 {[%clk 0:00:20]} 45. Rxd4
{[%clk 0:00:05]} Ne6 {[%clk 0:00:21]} 46. Rd5 {[%clk 0:00:06]} Kf7
{[%clk 0:00:21]} 47. Kg3 {[%clk 0:00:07]} Rg1+ {[%clk 0:00:22]} 0-1

[Event "Blitz 2018"]
[Site "Saint-Petersburg"]
[Date "2018.12.29"]
[Round "4"]
[Board "31"]
[White "Amonatov Farrukh (TJK)"]
[Black "Salgado Lopez Ivan (ESP)"]
[Result "0-1"]
[LiveChessVersion "1.4.8"]
[BlackElo "2513"]
[WhiteElo "2656"]

1. e4 {[%clk 0:03:03]} c6 {[%clk 0:03:03]} 2. d4 {[%clk 0:03:03]} d5
{[%clk 0:03:04]} 3. e5 {[%clk 0:03:03]} Bf5 4. Nd2 e6 5. Nb3 Nd7 {[%clk 0:03:00]}
6. Nf3 {[%clk 0:03:07]} Ne7 {[%clk 0:02:59]} 7. Be2 {[%clk 0:03:09]} Nc8
{[%clk 0:02:59]} 8. O-O {[%clk 0:03:08]} Be7 {[%clk 0:03:00]} 9. Bd2
{[%clk 0:03:10]} O-O {[%clk 0:02:54]} 10. Ba5 {[%clk 0:03:10]} Ncb6
{[%clk 0:02:43]} 11. h3 {[%clk 0:03:11]} Qc8 {[%clk 0:02:39]} 12. a3
{[%clk 0:02:51]} Nc4 {[%clk 0:02:23]} 13. Bc3 {[%clk 0:02:16]} b5
{[%clk 0:02:17]} 14. Nbd2 {[%clk 0:02:06]} a6 {[%clk 0:02:15]} 15. Nxc4
{[%clk 0:02:03]} dxc4 {[%clk 0:02:10]} 16. Bb4 {[%clk 0:01:51]} Bxb4
{[%clk 0:02:03]} 17. axb4 {[%clk 0:01:52]} Nb6 {[%clk 0:01:59]} 18. Nh4
{[%clk 0:01:52]} Bg6 {[%clk 0:01:56]} 19. f4 {[%clk 0:01:24]} Qd8
{[%clk 0:01:55]} 20. Nxg6 {[%clk 0:01:13]} hxg6 {[%clk 0:01:56]} 21. c3
{[%clk 0:01:14]} Nd5 {[%clk 0:01:53]} 22. Qd2 {[%clk 0:01:15]} a5
{[%clk 0:01:53]} 23. bxa5 {[%clk 0:01:16]} Rxa5 {[%clk 0:01:54]} 24. Bf3
{[%clk 0:01:16]} Qa8 {[%clk 0:01:52]} 25. Rxa5 {[%clk 0:01:17]} Qxa5
{[%clk 0:01:54]} 26. g4 {[%clk 0:01:11]} Ne7 {[%clk 0:01:36]} 27. Be4
{[%clk 0:01:10]} Qd8 {[%clk 0:01:08]} 28. Qg2 {[%clk 0:00:59]} Nd5
{[%clk 0:01:07]} 29. Qg3 {[%clk 0:00:57]} b4 {[%clk 0:00:56]} 30. f5
{[%clk 0:00:57]} g5 {[%clk 0:00:51]} 31. f6 {[%clk 0:00:43]} gxf6
{[%clk 0:00:46]} 32. Bxd5 {[%clk 0:00:40]} Qxd5 {[%clk 0:00:47]} 33. Qe3
{[%clk 0:00:34]} bxc3 {[%clk 0:00:42]} 34. Rxf6 {[%clk 0:00:30]} Ra8
{[%clk 0:00:30]} 35. Qxg5+ Kf8 36. Qh6+ {[%clk 0:00:09]} Ke7 {[%clk 0:00:30]} 37.
Qf4 {[%clk 0:00:10]} cxb2 {[%clk 0:00:13]} 38. Rxf7+ {[%clk 0:00:11]} Kd8
{[%clk 0:00:14]} 39. Qf6+ Kc8 40. Rf8+ {[%clk 0:00:10]} Kb7 {[%clk 0:00:17]} 41.
Qe7+ {[%clk 0:00:10]} Kb6 {[%clk 0:00:17]} 42. Rxa8 {[%clk 0:00:06]} b1=Q+
{[%clk 0:00:17]} 43. Kf2 {[%clk 0:00:06]} Qxd4+ {[%clk 0:00:14]} 44. Kg3
{[%clk 0:00:07]} Qe1+ {[%clk 0:00:15]} 0-1

[Event "Blitz 2018"]
[Site "Saint-Petersburg"]
[Date "2018.12.29"]
[Round "4"]
[Board "32"]
[White "Matlakov Maxim (RUS)"]
[Black "Nihal Sarin (IND)"]
[Result "1-0"]
[LiveChessVersion "1.4.8"]
[BlackElo "2506"]
[WhiteElo "2653"]

1. c4 {[%clk 0:03:03]} e6 {[%clk 0:02:56]} 2. g3 {[%clk 0:03:04]} d5
{[%clk 0:02:56]} 3. Bg2 {[%clk 0:03:04]} Nf6 {[%clk 0:02:57]} 4. Nf3
{[%clk 0:03:04]} Be7 {[%clk 0:02:52]} 5. d4 {[%clk 0:03:04]} O-O {[%clk 0:02:52]}
6. Qc2 {[%clk 0:03:05]} c5 {[%clk 0:02:52]} 7. dxc5 {[%clk 0:03:06]} Qa5+
{[%clk 0:02:50]} 8. Nc3 {[%clk 0:03:06]} dxc4 {[%clk 0:02:49]} 9. O-O
{[%clk 0:03:06]} Nc6 {[%clk 0:02:48]} 10. Bg5 {[%clk 0:03:06]} Qxc5
{[%clk 0:02:41]} 11. Bxf6 {[%clk 0:03:06]} Bxf6 {[%clk 0:02:41]} 12. Ne4
{[%clk 0:03:06]} Qe7 {[%clk 0:02:42]} 13. Nfd2 {[%clk 0:03:06]} Rd8
{[%clk 0:02:32]} 14. Rfd1 {[%clk 0:02:45]} Nd4 {[%clk 0:02:06]} 15. Nxf6+
{[%clk 0:02:39]} gxf6 {[%clk 0:01:56]} 16. Qxc4 {[%clk 0:02:40]} b5
{[%clk 0:01:58]} 17. Qd3 {[%clk 0:02:39]} Bb7 {[%clk 0:01:59]} 18. Bxb7
{[%clk 0:02:22]} Qxb7 {[%clk 0:02:00]} 19. Rac1 {[%clk 0:02:04]} Kg7
{[%clk 0:02:00]} 20. Qe3 {[%clk 0:01:49]} Rac8 {[%clk 0:01:48]} 21. Ne4
{[%clk 0:01:43]} Rxc1 {[%clk 0:01:11]} 22. Rxc1 {[%clk 0:01:44]} h6
{[%clk 0:01:11]} 23. a3 {[%clk 0:01:21]} a5 {[%clk 0:00:58]} 24. h4
{[%clk 0:01:22]} b4 {[%clk 0:00:53]} 25. axb4 {[%clk 0:01:21]} axb4
{[%clk 0:00:53]} 26. Rc4 {[%clk 0:01:13]} Qd5 {[%clk 0:00:27]} 27. b3
{[%clk 0:01:13]} f5 {[%clk 0:00:19]} 28. Nc5 {[%clk 0:01:06]} e5 {[%clk 0:00:16]}
29. Nd3 {[%clk 0:01:01]} f6 {[%clk 0:00:05]} 30. Rc7+ {[%clk 0:00:59]} Rd7
{[%clk 0:00:05]} 31. Nxb4 {[%clk 0:00:59]} Qd6 {[%clk 0:00:05]} 32. Rxd7+
{[%clk 0:00:46]} Qxd7 {[%clk 0:00:06]} 33. Nd3 {[%clk 0:00:30]} Nxb3
{[%clk 0:00:07]} 34. Nxe5 {[%clk 0:00:22]} Qd1+ {[%clk 0:00:08]} 35. Kg2
{[%clk 0:00:20]} fxe5 {[%clk 0:00:09]} 36. Qxe5+ {[%clk 0:00:21]} Kg8
{[%clk 0:00:08]} 37. Qxf5 {[%clk 0:00:20]} Nd2 {[%clk 0:00:07]} 38. Qg6+ Kf8 39.
Qxh6+ {[%clk 0:00:22]} Kg8 {[%clk 0:00:11]} 40. Qg6+ {[%clk 0:00:22]} Kf8
{[%clk 0:00:12]} 41. Qf6+ Kg8 42. Qe6+ {[%clk 0:00:25]} Kf8 {[%clk 0:00:15]} 43.
Kh3 {[%clk 0:00:19]} Nb1 {[%clk 0:00:05]} 44. Kg4 {[%clk 0:00:17]} Qa4+
{[%clk 0:00:04]} 45. f4 {[%clk 0:00:18]} Qb4 {[%clk 0:00:04]} 46. e4
{[%clk 0:00:16]} Nc3 {[%clk 0:00:05]} 47. e5 {[%clk 0:00:16]} Ne4
{[%clk 0:00:06]} 48. Qc8+ {[%clk 0:00:14]} Kg7 {[%clk 0:00:07]} 49. Qd7+
{[%clk 0:00:15]} Kf8 {[%clk 0:00:08]} 50. Qd8+ {[%clk 0:00:15]} Kf7
{[%clk 0:00:09]} 51. Qd7+ {[%clk 0:00:16]} Kf8 {[%clk 0:00:11]} 52. h5
{[%clk 0:00:15]} Qc4 {[%clk 0:00:08]} 53. Qd8+ {[%clk 0:00:16]} Kf7
{[%clk 0:00:10]} 54. Qd7+ Kf8 {[%clk 0:00:11]} 55. h6 {[%clk 0:00:06]} Qe2+
{[%clk 0:00:09]} 56. Kh4 {[%clk 0:00:05]} Qh2+ {[%clk 0:00:09]} 57. Qh3
{[%clk 0:00:06]} Qe2 {[%clk 0:00:07]} 58. Qf5+ {[%clk 0:00:08]} Kg8
{[%clk 0:00:08]} 59. Qg6+ {[%clk 0:00:09]} Kf8 {[%clk 0:00:10]} 60. Qg7+
{[%clk 0:00:10]} Ke8 {[%clk 0:00:11]} 61. Qg8+ {[%clk 0:00:10]} Ke7
{[%clk 0:00:12]} 62. Qg7+ {[%clk 0:00:11]} Ke8 {[%clk 0:00:14]} 63. Qg4
{[%clk 0:00:09]} Qe1 {[%clk 0:00:06]} 64. h7 {[%clk 0:00:09]} Ke7
{[%clk 0:00:03]} 65. h8=Q {[%clk 0:00:08]} 1-0

[Event "Blitz 2018"]
[Site "Saint-Petersburg"]
[Date "2018.12.29"]
[Round "4"]
[Board "33"]
[White "Geller Jakov (RUS)"]
[Black "Sargissian Gabriel (ARM)"]
[Result "1-0"]
[LiveChessVersion "1.4.8"]
[BlackElo "2651"]
[WhiteElo "2528"]

1. e4 {[%clk 0:03:02]} e5 {[%clk 0:03:03]} 2. Nf3 {[%clk 0:03:03]} Nc6
{[%clk 0:03:05]} 3. Bc4 {[%clk 0:03:03]} Bc5 {[%clk 0:03:05]} 4. d3
{[%clk 0:03:04]} Nf6 {[%clk 0:03:05]} 5. O-O {[%clk 0:03:04]} d6 {[%clk 0:03:06]}
6. c3 {[%clk 0:03:04]} a6 {[%clk 0:03:07]} 7. Bb3 {[%clk 0:03:04]} Ba7
{[%clk 0:03:07]} 8. Nbd2 {[%clk 0:03:05]} O-O {[%clk 0:03:05]} 9. h3
{[%clk 0:03:04]} h6 {[%clk 0:03:01]} 10. Re1 {[%clk 0:03:05]} Re8
{[%clk 0:03:03]} 11. Nf1 {[%clk 0:03:05]} Be6 {[%clk 0:03:03]} 12. Bc2
{[%clk 0:03:06]} d5 {[%clk 0:02:59]} 13. exd5 {[%clk 0:03:06]} Bxd5
{[%clk 0:02:44]} 14. Ng3 {[%clk 0:03:01]} Qd7 {[%clk 0:02:43]} 15. Be3
{[%clk 0:02:32]} Bxe3 {[%clk 0:02:40]} 16. fxe3 {[%clk 0:02:32]} Rad8
{[%clk 0:02:24]} 17. e4 {[%clk 0:02:33]} Be6 {[%clk 0:02:23]} 18. Qe2
{[%clk 0:02:33]} Qe7 {[%clk 0:02:19]} 19. Qf2 {[%clk 0:02:21]} Nd7
{[%clk 0:02:17]} 20. d4 {[%clk 0:02:16]} exd4 {[%clk 0:01:51]} 21. cxd4
{[%clk 0:02:16]} Nb4 {[%clk 0:01:39]} 22. d5 {[%clk 0:02:16]} Qc5
{[%clk 0:01:36]} 23. Rac1 {[%clk 0:01:44]} Qxf2+ {[%clk 0:01:36]} 24. Kxf2
{[%clk 0:01:44]} Nc5 {[%clk 0:01:37]} 25. dxe6 {[%clk 0:01:38]} Nbd3+
{[%clk 0:00:39]} 26. Bxd3 {[%clk 0:01:38]} Nxd3+ {[%clk 0:00:40]} 27. Ke3
{[%clk 0:01:38]} Nxc1 {[%clk 0:00:27]} 28. exf7+ {[%clk 0:01:38]} Kxf7
{[%clk 0:00:29]} 29. Rxc1 {[%clk 0:01:39]} c6 {[%clk 0:00:30]} 30. e5
{[%clk 0:01:29]} Rd5 {[%clk 0:00:26]} 31. Nf5 {[%clk 0:01:18]} Kg6
{[%clk 0:00:15]} 32. g4 {[%clk 0:01:16]} Kh7 {[%clk 0:00:17]} 33. Ke4
{[%clk 0:01:15]} Red8 {[%clk 0:00:18]} 34. Nd6 {[%clk 0:01:02]} Rf8
{[%clk 0:00:13]} 35. Rc3 {[%clk 0:00:49]} Rd1 {[%clk 0:00:13]} 36. a4
{[%clk 0:00:39]} b5 {[%clk 0:00:13]} 37. a5 {[%clk 0:00:39]} b4 {[%clk 0:00:13]}
38. Rxc6 {[%clk 0:00:36]} Rf1 {[%clk 0:00:09]} 39. Nd4 {[%clk 0:00:35]} Re1+
{[%clk 0:00:10]} 40. Kd5 {[%clk 0:00:36]} Rf2 {[%clk 0:00:10]} 41. N4f5
{[%clk 0:00:24]} Rxb2 {[%clk 0:00:08]} 42. Rc7 {[%clk 0:00:25]} Rd2+
{[%clk 0:00:06]} 43. Ke6 {[%clk 0:00:26]} Kh8 {[%clk 0:00:05]} 44. Rxg7
{[%clk 0:00:25]} Rxd6+ {[%clk 0:00:06]} 45. Kxd6 {[%clk 0:00:25]} 1-0

[Event "Blitz 2018"]
[Site "Saint-Petersburg"]
[Date "2018.12.29"]
[Round "4"]
[Board "34"]
[White "Miton Kamil (POL)"]
[Black "Indjic Aleksandar (SRB)"]
[Result "0-1"]
[LiveChessVersion "1.4.8"]
[BlackElo "2643"]
[WhiteElo "2520"]

1. d4 {[%clk 0:03:02]} b6 {[%clk 0:03:02]} 2. Nf3 {[%clk 0:03:00]} Bb7
{[%clk 0:03:03]} 3. g3 {[%clk 0:03:00]} Nf6 {[%clk 0:03:02]} 4. Bg2
{[%clk 0:03:00]} c5 {[%clk 0:03:03]} 5. dxc5 {[%clk 0:02:52]} bxc5
{[%clk 0:03:05]} 6. c4 {[%clk 0:02:53]} g6 {[%clk 0:03:04]} 7. O-O
{[%clk 0:02:50]} Bg7 {[%clk 0:03:05]} 8. Nc3 {[%clk 0:02:50]} O-O
{[%clk 0:03:05]} 9. Bf4 {[%clk 0:02:40]} d6 {[%clk 0:03:05]} 10. Qd2
{[%clk 0:02:41]} Nbd7 {[%clk 0:03:06]} 11. Bh6 {[%clk 0:02:39]} Rb8
{[%clk 0:03:05]} 12. Bxg7 {[%clk 0:02:38]} Kxg7 {[%clk 0:03:06]} 13. b3
{[%clk 0:02:32]} h6 {[%clk 0:03:01]} 14. Rad1 {[%clk 0:02:26]} Ne4
{[%clk 0:02:51]} 15. Nxe4 {[%clk 0:02:23]} Bxe4 {[%clk 0:02:52]} 16. Qf4
{[%clk 0:02:08]} Nf6 {[%clk 0:02:49]} 17. Ne1 {[%clk 0:01:54]} Bxg2
{[%clk 0:02:47]} 18. Nxg2 {[%clk 0:01:55]} Qa5 {[%clk 0:02:48]} 19. Rd2
{[%clk 0:01:35]} Rfe8 {[%clk 0:02:01]} 20. Rfd1 {[%clk 0:01:35]} Qc7
{[%clk 0:01:37]} 21. Ne3 {[%clk 0:01:35]} a5 {[%clk 0:01:38]} 22. g4
{[%clk 0:01:27]} a4 {[%clk 0:01:36]} 23. Rd3 {[%clk 0:01:28]} axb3
{[%clk 0:01:36]} 24. axb3 {[%clk 0:01:29]} Qc8 {[%clk 0:01:36]} 25. h4
{[%clk 0:01:17]} Qe6 {[%clk 0:01:36]} 26. f3 {[%clk 0:01:03]} Rb7
{[%clk 0:01:22]} 27. Kf2 {[%clk 0:00:49]} Reb8 {[%clk 0:01:22]} 28. Rg1
{[%clk 0:00:29]} Kh7 {[%clk 0:01:12]} 29. Rb1 {[%clk 0:00:22]} Kg7
{[%clk 0:00:58]} 30. Rg1 {[%clk 0:00:23]} Kh7 {[%clk 0:00:56]} 31. Rb1
{[%clk 0:00:24]} Ra7 {[%clk 0:00:52]} 32. h5 {[%clk 0:00:22]} g5 {[%clk 0:00:51]}
33. Qf5+ {[%clk 0:00:23]} Kg7 {[%clk 0:00:51]} 34. Rbd1 {[%clk 0:00:10]} Ra3
{[%clk 0:00:49]} 35. Rb1 {[%clk 0:00:12]} Ra2 {[%clk 0:00:50]} 36. Rc3
{[%clk 0:00:08]} Rd2 {[%clk 0:00:46]} 37. Rd3 {[%clk 0:00:08]} Ra2
{[%clk 0:00:40]} 38. Rc3 {[%clk 0:00:09]} Kg8 {[%clk 0:00:39]} 39. Qd3
{[%clk 0:00:09]} Qe5 {[%clk 0:00:40]} 40. Rc2 {[%clk 0:00:07]} Rba8
{[%clk 0:00:37]} 41. Nf5 {[%clk 0:00:06]} Qh2+ {[%clk 0:00:33]} 42. Ke3
{[%clk 0:00:06]} Qf4+ {[%clk 0:00:34]} 43. Kf2 {[%clk 0:00:06]} Nxg4+
{[%clk 0:00:35]} 44. Ke1 {[%clk 0:00:06]} Ne5 {[%clk 0:00:29]} 45. Nxe7+
{[%clk 0:00:03]} Kf8 {[%clk 0:00:30]} 46. Qh7 {[%clk 0:00:04]} Kxe7
{[%clk 0:00:29]} 47. Rxa2 {[%clk 0:00:03]} Rxa2 {[%clk 0:00:30]} 48. Qxh6
{[%clk 0:00:04]} Qg3+ {[%clk 0:00:27]} 49. Kd1 {[%clk 0:00:05]} Qg1#
{[%clk 0:00:28]} 0-1

[Event "Blitz 2018"]
[Site "Saint-Petersburg"]
[Date "2018.12.29"]
[Round "4"]
[Board "35"]
[White "Bindrich Falko (GER)"]
[Black "Bazeev German (RUS)"]
[Result "1/2-1/2"]
[LiveChessVersion "1.4.8"]
[BlackElo "2422"]
[WhiteElo "2639"]

1. d4 {[%clk 0:03:03]} Nf6 {[%clk 0:03:03]} 2. c4 {[%clk 0:03:04]} e6
{[%clk 0:03:05]} 3. g3 {[%clk 0:03:05]} d5 {[%clk 0:03:05]} 4. Nf3
{[%clk 0:03:06]} dxc4 {[%clk 0:03:06]} 5. Bg2 Bd7 6. Nbd2 {[%clk 0:03:07]} Bb4
{[%clk 0:02:55]} 7. Qc2 {[%clk 0:03:06]} Bc6 {[%clk 0:02:48]} 8. Qxc4
{[%clk 0:03:05]} Bxd2+ {[%clk 0:02:48]} 9. Bxd2 {[%clk 0:03:04]} O-O
{[%clk 0:02:48]} 10. O-O Nbd7 11. Rfd1 {[%clk 0:02:04]} a5 {[%clk 0:02:51]} 12.
b3 {[%clk 0:01:56]} a4 {[%clk 0:02:50]} 13. b4 {[%clk 0:01:53]} a3
{[%clk 0:02:46]} 14. Ne5 {[%clk 0:01:42]} Bxg2 {[%clk 0:02:46]} 15. Kxg2
{[%clk 0:01:43]} Nxe5 {[%clk 0:02:43]} 16. dxe5 {[%clk 0:01:45]} Qd5+ 17. Qxd5
Nxd5 {[%clk 0:02:46]} 18. e4 {[%clk 0:01:44]} Nb6 {[%clk 0:02:36]} 19. Be3
{[%clk 0:01:40]} Nc4 {[%clk 0:02:35]} 20. Rd7 {[%clk 0:01:35]} Nxe3+
{[%clk 0:02:34]} 21. fxe3 {[%clk 0:01:36]} Rad8 {[%clk 0:01:44]} 22. Rxc7
{[%clk 0:01:33]} Rd2+ {[%clk 0:01:43]} 23. Kh3 {[%clk 0:01:14]} b5
{[%clk 0:01:38]} 24. Ra7 {[%clk 0:01:10]} Rd3 {[%clk 0:01:39]} 25. Rc1
{[%clk 0:01:08]} Rxe3 {[%clk 0:01:37]} 26. Rc5 {[%clk 0:01:08]} h5
{[%clk 0:01:28]} 27. Kh4 {[%clk 0:00:55]} Rxe4+ {[%clk 0:01:26]} 28. Kxh5
{[%clk 0:00:47]} Rxb4 {[%clk 0:01:23]} 29. Rxa3 {[%clk 0:00:41]} Rd8
{[%clk 0:01:24]} 30. Rb3 {[%clk 0:00:36]} Ra4 {[%clk 0:01:21]} 31. Rcxb5
{[%clk 0:00:36]} Rxa2 {[%clk 0:01:22]} 32. h4 {[%clk 0:00:33]} Re2
{[%clk 0:01:17]} 33. Kg4 {[%clk 0:00:30]} Rd5 {[%clk 0:01:04]} 34. Rxd5
{[%clk 0:00:27]} exd5 {[%clk 0:01:06]} 35. Kf4 {[%clk 0:00:24]} g6
{[%clk 0:01:06]} 36. Rb8+ {[%clk 0:00:18]} Kg7 {[%clk 0:01:07]} 37. Rd8
{[%clk 0:00:19]} Re4+ {[%clk 0:01:08]} 38. Kf3 {[%clk 0:00:21]} Rxe5
{[%clk 0:01:09]} 39. Rd6 {[%clk 0:00:22]} Kf8 {[%clk 0:01:10]} 40. Kf4
{[%clk 0:00:21]} Rf5+ {[%clk 0:01:11]} 41. Ke3 {[%clk 0:00:22]} Ke7
{[%clk 0:01:12]} 42. Ra6 {[%clk 0:00:23]} Re5+ {[%clk 0:01:14]} 43. Kd4
{[%clk 0:00:24]} Re6 {[%clk 0:01:11]} 44. Ra7+ {[%clk 0:00:22]} Kf6
{[%clk 0:01:12]} 45. Kxd5 {[%clk 0:00:18]} Re3 {[%clk 0:01:13]} 46. g4
{[%clk 0:00:18]} Rh3 {[%clk 0:01:15]} 47. g5+ {[%clk 0:00:19]} Kg7
{[%clk 0:01:13]} 48. Ra4 {[%clk 0:00:20]} 1/2-1/2